| 000 | 00451cam a22001457a 4500 | ||
|---|---|---|---|
| 008 | 180718b1993 xxu||||| |||| 00| 0 eng d | ||
| 082 | _aT123 Ag81p | ||
| 100 | _aAgarwal, O.M and Narayanan, R. | ||
| 245 |
_aPrice theory: principles and application _cby O.M. Agarwal and R. Narayanan |
||
| 260 |
_aNew Delhi _bHar-anand publication _c1993 |
||
| 300 | _a434p. | ||
| 650 | _aBusiness, Management and Accounting | ||
| 650 | _aIncome | ||
| 650 | _aPrices | ||
| 999 |
_c503952 _d503952 |
||